LEADER 01276nam a2200265 i 4500 001 000000249949 003 CaOOAMICUS 005 20160706000000.0 008 160706s1873 xx u000 u lat u 013 $a228854 040 $aSeMil$bita 245 10$aCostitutiones editae ab illustrissimo et rev.mo d.d. Laurentio Gastaldi ... anno 1873. 260 $aAugustae Taurinorum :$bEx Typographia pontificia et archiepiscopalis eq. Petri Marietti,$c1873. 300 $a250 p. ;$c20 cm. 500 $aLascito Card. C.M. Martini. 650 4$aSinodi diocesani - Sec. 19.$0(OLS)http://semarc/subject/1277 650 4$aSinodi diocesani - Torino.$0(OLS)http://semarc/subject/42930 700 1 $aGastaldi, Lorenzo <1815-1883>.$0(OLS)http://semarc/name/12568 710 2 $aArcidiocesi di Torino.$0(OLS)http://semarc/name/10644 850 $aSeMil 852 $aSeMil$W1$xVenegono$y1$m2H II 66 FA$j200295$B200295$CSeMilBibl$Z2$F212051 $8I 941 1 $a4 961 $aLascito: Martini Card. Carlo Maria 996 $6245$aCostitutiones editae ab illustrissimo et rev.mo d.d. Laurentio Gastaldi ... anno 1873$9(OLS)http://semarc/title/352147 996 $6260$aAugustae Taurinorum :$bEx Typographia pontificia et archiepiscopalis eq. Petri Marietti$9(OLS)http://semarc/publisher/35620 LEADER 00986nam a2200241 i 4500 001 000000216969 003 CaOOAMICUS 005 20210511163426.0 008 121115s1970 it u000 u ita u 013 $a195865 040 $aSeMil$bita 100 1 $aFinestra, Carlo.$0(OLS)http://semarc/name/25964 245 12$aL'e minga semper festa :$bnuove avventure milanesi /$cCarlo Finestra. 264 1$aMilano :$bU. Mursia & C.,$c1970. 300 $a271 p. ;$c23 cm. 500 $aIn testa al front.: lo pseud. dell'a. Carlo Finestra. 650 4$aMilano - Folclore.$0(OLS)http://semarc/subject/4478 650 4$aMilano - Usi e costumi.$0(OLS)http://semarc/subject/9041 850 $aSeMil 852 $aSeMil$W1$xVenegono$y1$m3O III 171$j167385$B167385$CSeMilBibl$Z2$F178177 $81 996 $6245$aL'e minga semper festa :$bnuove avventure milanesi$9(OLS)http://semarc/title/311848 996 $6264$aMilano :$bU. Mursia & C.$9(OLS)http://semarc/publisher/31860